000 00627nam a2200229 a 4500
999 _c3622
_d3622
001 3620
003 BD-JhCC
005 20171115172440.0
008 171115s1964 bg |||| ||a| 000 0 ben d
020 _a9847016900181
035 _a(BD-JhCC)3620
040 _aBD-JhCC
_dBD-JhCC
041 _aben
082 _a891.443
_bCHO 1964
100 _aচৌধুরী, কবীর
245 _aছয় সঙ্গী /
_cকবীর চৌধুরী
260 _aঢাকা :
_bসাহিত্যিকা,
_c1964.
300 _a133 p. :
_c21 cm.
650 _aBengali Novel
942 _2ddc
_cBK